Promovemos los hábitos saludables : Área de Salud Pública y Consumo Área de Salud Pública y Consumo
Descripción Física:
[10] p. ; 21 cm
MARC
| LEADER | 00000nam a2200000Ia 4500 | ||
|---|---|---|---|
| 001 | 23110 | ||
| 008 | 160829s2010 xx 000 0 cat d | ||
| 080 | |a FU-59-31 | ||
| 245 | |a Promovemos los hábitos saludables : |b Área de Salud Pública y Consumo | ||
| 260 | |a Barcelona : |b Diputació de Barcelona. Àrea de Salut Pública i Consum, |c 2010 | ||
| 300 | |a [10] p. ; |c 21 cm | ||
| 590 | |a A la coberta: Buenos servicios para los ayuntamientos, más bienestar para la ciudadanía | ||
| 650 | |a Hàbits sanitaris |x Barcelona (Província) |9 41300 | ||
| 650 | |a Barcelona. Diputació. Àrea de Salut Pública i Consum | ||
| 710 | |a Barcelona (Catalunya : Província). |b Àrea de Salut Pública i Consum |9 7348 | ||
| 901 | |a Arxiu | ||
| 942 | |n 1 | ||
| 952 | |0 0 |1 0 |4 0 |6 FU5931 |7 1 |9 51773 |a Arxiu |b Arxiu |d 2016-12-01 |l 0 |o FU-59-31 |p 23110 |r 2016-12-01 00:00:00 |w 2016-12-01 |y ARXIU | ||
| 999 | |c 55619 |d 55619 | ||